LIBRARY & INFORMATION CENTRE, KCAET, TAVANUR

ONLINE PUBLIC ACCESS CATALOGUE (OPAC)

Moonnu per / (Record no. 5200)

MARC details
000 -LEADER
fixed length control field 00281cam a2200133ua 4500
041 ## - LANGUAGE CODE
Language code of text/sound track or separate title mal
082 ## - DEWEY DECIMAL CLASSIFICATION NUMBER
Classification number 894.812308
Item number GOR/MO
100 ## - MAIN ENTRY--AUTHOR NAME
Personal name Gorki, .
245 ## - TITLE STATEMENT
Title Moonnu per /
300 ## - PHYSICAL DESCRIPTION
Number of Pages 590 ; .
942 ## - ADDED ENTRY ELEMENTS (KOHA)
Koha item type Books
Holdings
Withdrawn status Lost status Damaged status Home library Current library Date acquired Full call number Accession Number Koha item type Public note
Withdrawn     KAUAET Malayalam University 07/04/2012 894.812308 8895 Books Transferred to Malayalam University
free website counter